Southville International School and Colleges
Your cart is empty.
  • Cart
  • Lists
    Public lists Eva Luna New books Lux_list list_1
    Your lists Log in to create your own lists
  • Log in to your account
  • Your cookies
  • Search history
Southville International School and Colleges
  • Advanced search
  • Recent comments
  • Most popular
  • Libraries

Log in to your account

Log in with GOOGLE


If you do not have an external account, but do have a local account, you can still log in:

  1. Home
  2. MARC view: Developing character and social relations /
Normal view MARC view ISBD view

Developing character and social relations / (Record no. 48334)

[ view plain ]
MARC details
000 -LEADER
fixed length control field 00586nam a2200193Ia 4500
008 - FIXED-LENGTH DATA ELEMENTS--GENERAL INFORMATION
fixed length control field 140321s9999 xx 000 0 und d
020 ## - INTERNATIONAL STANDARD BOOK NUMBER
International Standard Book Number 9717251223
050 ## - LIBRARY OF CONGRESS CALL NUMBER
Classification number BF 698
Item number .B34d 2005
100 ## - MAIN ENTRY--PERSONAL NAME
Personal name Bayani, Charo L.
245 ## - TITLE STATEMENT
Title Developing character and social relations /
Statement of responsibility, etc Charo L. Bayani.
260 ## - PUBLICATION, DISTRIBUTION, ETC. (IMPRINT)
Place of publication, distribution, etc Makati City :
Name of publisher, distributor, etc Grandwater Pub.,
Date of publication, distribution, etc c2005.
300 ## - PHYSICAL DESCRIPTION
Extent 240 p. :
Dimensions 24 cm.
500 ## - GENERAL NOTE
General note Includes bibliographical references.
521 ## - TARGET AUDIENCE NOTE
Target audience note
650 ## - SUBJECT ADDED ENTRY--TOPICAL TERM
Topical term or geographic name as entry element Personality and social intelligence.
650 ## - SUBJECT ADDED ENTRY--TOPICAL TERM
Topical term or geographic name as entry element Personality development.
942 ## - ADDED ENTRY ELEMENTS (KOHA)
Call number prefix Local
Koha item type Books
Holdings
Withdrawn status Lost status Damaged status Home library Current library Shelving location Date acquired Total Checkouts Total Renewals Full call number Barcode Date last seen Date checked out Price effective from Koha item type
      College Library College Library General Circulation Section 03/21/2014 2 49 BF 698 .B34d 2005 C17617 05/15/2018 11/04/2015 03/21/2014 Books

Developing character and social relations /

APA

Bayani C. L., . (2005). Developing character and social relations. Makati City: Grandwater Pub.

Chicago

Bayani Charo L, . 2005. Developing character and social relations. Makati City: Grandwater Pub.

Harvard

Bayani C. L., . (2005). Developing character and social relations. Makati City: Grandwater Pub.

MLA

Bayani Charo L, . Developing character and social relations. Makati City: Grandwater Pub. 2005.

  • Place hold
  • Print
  • Cite
  • Add to your cart (remove)
  • Save record
    BIBTEX Dublin Core MARCXML MARC (non-Unicode/MARC-8) MARC (Unicode/UTF-8) MARC (Unicode/UTF-8, Standard) MODS (XML) RIS
  • More searches
    Search for this title in:
    Other Libraries (WorldCat) Other Databases (Google Scholar) Online Stores (Bookfinder.com) Open Library (openlibrary.org)

Exporting to Dublin Core...

SOUTHVILLE LIBRARY

Southville International School and Colleges Library

1281 Tropical Ave. Cor. Luxembourg St., BF Homes International, Las Pinas City

Tel. No. 8256374 / 252358 Loc. 117/146

Powered by Koha